Titre de l'album - Bigflo et Oli - Karma - Statistiques

Statistiques générales
  • Ce quiz a été pris 188 fois
  • Le résultat moyen est 11 sur 13
Statistiques - réponses
Track Musique % Correct
4 Karma
99%
1 Family Business
88%
3 44D
87%
11 tumemanques
87%
6 Focus
85%
2 Minimum!
85%
8 Picasso
85%
13 Les Dieux et les Rois
82%
7 Le goût du sel
79%
5 Le Retour Du Texte
78%
12 Remontada
75%
9 DU RAP HARDCORE
69%
10 W_Osaka_hotel.mp3
62%
Aucun quiz correspondant
Distribution des résultats
% des personnes avec chaque résultat
Percentile par nombre de réponses
Votre historique - résultats
Vous n’avez pas pris ce quiz